000
00403nam a22001697a 4500
003
MPLRDC
005
20220104113832.0
008
210129b ||||| |||| 00| 0 eng d
082
_a
848.2 SM
100
_a
三毛等著
245
_a
一本女人写给女人的书
_c
250
_a
十版
260
_a
_b
方智出版公司
_c
1989
300
_b
平
650
_a
现代别集
942
_c
BK
_o
848.2 SM
999
_c
2727
_d
2717